000 00366nam a2200133Ia 4500
008 151001s9999||||xx |||||||||||||| ||und||
100 _aअनिरुद्ध पुनर्वसू
245 _aप्रेम तुझ्याने होईना
250 _a1
260 _bपै.दि.कृ.
260 _c1972
300 _a140
365 _b18
999 _c955956
_d955953